000 00786nam a2200241Ia 4500
003 OSt
005 20220923223418.0
006 a|||||r|||| 00| 0
007 ta
008 220922b |||||||| |||| 00| 0 hin d
024 _a215,000
037 _cTextual
040 _aARTS
_cARTS
_bhin
041 _2hin
_ahin
082 _aO152,3N12,12, L0;1
100 _aविष्णु प्रभाकर
_9156271
245 0 _aधरती अब भी घूम रही है
246 _aDharatī ab bhī ghūm rahī hai
250 _aसंस्क0 4
260 _aदिल्ली
_b राजपाल एण्ड सन्ज
_c1970
942 _hO152,3N12,12, L0;1
_cTEXL
_2CC
999 _c364914
_d364914